000 00420nam a22001817a 4500
005 20230905191334.0
008 230720b |||||||| |||| 00| 0 eng d
020 _a9783823855897
082 _a720.922
100 _aAsensio, Paco
245 _aLegorreta + Legorreta
260 _aUSA
_bteNeues
_c2002
300 _a78
500 _ainclude index
650 _aArchitecture
700 _aPaco Asensio
999 _c33078
_d33078